00993nam a2200241 a 450000100060000000300080000600500170001400800410003103500190007204000360009104100080012708200290013510000490016424501740021325000120038726400410039930000430044065000570048365100550054094200130059599900170060895201260062510643BD-RjUL20211208235006.0190303s1917 ii a 001 0 eng d a(BD-RjUL)10691 aEQOcEQObengdBD-RjULdBD-RjUL aeng 223a324.254083bMAI 19171 aMazumdar, Amvika Charan,d1851-1922,922889410aIndian national evolution :ba brief survey of the origin and progress of the Indian National Congress and the growth of Indian nationalism /cby Amvika Charan Mazumdar. a2nd ed. 1aMadras :bG.A. Natesan & Co.,c1917. a8, 441, lxxiv, xvi p. :bill. ;c19 cm aIndian National CongressvHistoryy1885-19149228897 0aIndiaxPolitics and governmenty1857-1919.9228896 2ddccRAR c10643d10643 00102ddc40718RAREaRUCLbRUCLcRared2019-03-03l0oRA 324.254083 MAI 1917r2019-03-03 00:00:00tC-1w2019-03-03yRAR